000 00573nam a22001697a 4500
999 _c188381
_d188381
005 20220519171455.0
010 _aENG-132726
020 _a9789381039830
_c1575.00
035 _aEN-116258
037 _bDBAD/PUB
082 _a667.624
245 _aManufacture of Thinners & Solvents:
_bProperties, Uses, Production, Formulation with Machinery Details/
260 _aDelhi
_bNIIR Project Consultancy Services
_c2017
270 _bDelhi
_a106-E, Kamla Nagar
_e110007
_mnpcs.india@gmail.com
300 _a218p.
_c22cm(pbk)
942 _2ddc
_cEN
_h667.624
_mMAN